| 000 | 00652nam a22001697a 4500 | ||
|---|---|---|---|
| 005 | 20120417122613.0 | ||
| 020 |
_a0195638476 _c00.00 |
||
| 035 | _aA-820696 | ||
| 037 |
_aDPL _bENG |
||
| 100 |
_aBeteille, Andre _946764 |
||
| 245 |
_aCaste, class and power : _bChanging patterns of stratification in a Tanjore village / _cby Andre Beteille |
||
| 250 | _a2nd ed. | ||
| 260 |
_aDelhi _bOxford University Press _c1996 |
||
| 300 |
_a298p. _c18 cms. |
||
| 942 |
_2ddc _cEN _h305.5 _mBET |
||
| 999 |
_c65118 _d65118 |
||